A textbook of botany [ecology & environmental biology economic botany & pharmacognosy]: (Record no. 158587)

MARC details
000 -LEADER
fixed length control field 00792nam a22002177a 4500
005 - DATE AND TIME OF LATEST TRANSACTION
control field 20181106105208.0
010 ## - LCCN (DPL NO)
LC control number ENG-124445
020 ## - INTERNATIONAL STANDARD BOOK NUMBER
Terms of availability 495.00
International Standard Book Number 9789352550784
035 ## - SYSTEM CONTROL NUMBER
System control number EN-107977
037 ## - SOURCE OF ACQUISITION
Source of stock number/acquisition DBAD/PUB
082 ## - DEWEY DECIMAL CLASSIFICATION NUMBER
Classification number 580
100 ## - MAIN ENTRY--PERSONAL NAME
Personal name Bhattacharya, Kashinath
245 ## - TITLE STATEMENT
Title A textbook of botany [ecology & environmental biology economic botany & pharmacognosy]:
Statement of responsibility, etc by Kashinath Bhattacharya; Ashim Kumar Ghosh [and] Gopinath Hait
Remainder of title for UG and PG students volume IV /
260 ## - PUBLICATION, DISTRIBUTION, ETC. (IMPRINT)
Name of publisher, distributor, etc NCBA
Date of publication, distribution, etc 2017
Place of publication, distribution, etc Kolkata
270 ## - ADDRESS
City Kolkata
Postal code 700009
Address 8/1 Chintamoni Das Lane,
300 ## - PHYSICAL DESCRIPTION
Extent xiii,667p.
Dimensions 24cm.(pbk)
Other physical details ill. picture
500 ## - GENERAL NOTE
General note It includes further reading and index
700 ## - ADDED ENTRY--PERSONAL NAME
Personal name Ghosh, Ashim Kumar
700 ## - ADDED ENTRY--PERSONAL NAME
Personal name Hait, Gopinath
942 ## - ADDED ENTRY ELEMENTS (KOHA)
Source of classification or shelving scheme Dewey Decimal Classification
Item type English Books
Call number suffix BHA
Classification part 580
Holdings
Withdrawn status Lost status Not for loan Collection code Home library Current library Date acquired Source of acquisition Cost, normal purchase price Full call number Barcode Copy number Cost, replacement price Koha item type
    Not For Loan Non-fiction D.B.Act.Division Bawana 06/11/2018 DBAD/PUB 495.00 580 BHA EN-107977 1 495.00 English Books

© Delhi Public Library
Hit Counter
free hit counter